000 00786nmm a2200241 a 4500
001 ocm0001221624
003 TR-IsHL
005 20201028154900.0
008 140104s1998 tu tur
007 cr cn
035 _a1221624
_b(N$T)
050 0 4 _aHD39.4
_b.S67 1998
090 0 4 _aHD39.4
_b.S67 1998
245 1 0 _aSorularla finansal kiralama
_h[electronic resource]
260 _aİstanbul :
_bİstanbul Ticaret Odası,
_c1998
300 _a110 p.
650 4 _aEkonomi ve Finans
650 4 _aEconomics and Finance
650 0 _aFinansal kiralama
_x Türkiye
650 0 _aLeasing
_x Turkey
650 7 _aBUSINESS & ECONOMICS / Accounting / Financial
_2bisacsh
856 4 0 _uhttp://search.ebscohost.com/login.aspx?direct=true&scope=site&db=e011xww&AN=1221624
999 _c12803
_d12803